00861nam a2200205 a 450000100100000000500170001000800410002704000250006808200200009310000440011324500590015726000370021630000260025365000360027965000360031570000490035195201170040095201230051799900150064000000687220200929154019.0090903s1988 dr 001 spa d aDO-SdBNPbspacBNPHU aPR861.44bP376r1 aPeguero, Ramon D.q(Ramon Dario)91907410aRefranero lírico y otros poemas /cRamon D. Peguero. aSanto Domingo, :bTaller,c1988. axvi, 123 p. ;c21 cm. 4aPoesía puertorriqueña91015 4aLiteratura puerriqueña9190751 aBertelloni, María Teresaeprólogo919076 0010718PDaPDbPDcCTd2009-09-03iLF1l0oPR861.44 P376rp6872-10r2020-06-25w2020-06-25yLFPDZNo se presta 0010718PDaPDbPDcCTd2009-09-03iLF1l0oPR861.44 P376rp6872-20r2020-06-25te. 2w2020-06-25yLFPDZNo se presta c6660d6660